Phân tích tín dụng đầu tư phát triển của Nhà nước ở Đồng bằng sông Cửu Long : (Chuyên ngành: quản trị kinh doanh)
Nội dung đề tài phân tích tình hình tín dụng đầu tư phát triển ở Đồng Bằng Sông Cửu Long. Phân tích tình hình hoạt động tín dụng ĐTPT của nhà nước thông qua hệ thống ngân hàng.
Αποθηκεύτηκε σε:
| Κύριος συγγραφέας: | |
|---|---|
| Μορφή: | Βιβλίο |
| Γλώσσα: | Undetermined |
| Έκδοση: |
Cần Thơ
Trường Đại Học Cần Thơ
2007
|
| Θέματα: | |
| Ετικέτες: |
Προσθήκη ετικέτας
Δεν υπάρχουν, Καταχωρήστε ετικέτα πρώτοι!
|
| Thư viện lưu trữ: | Trung tâm Học liệu Trường Đại học Cần Thơ |
|---|
| LEADER | 01063nam a2200217Ia 4500 | ||
|---|---|---|---|
| 001 | CTU_135780 | ||
| 008 | 210402s9999 xx 000 0 und d | ||
| 082 | |a 332.6 | ||
| 082 | |b H103 | ||
| 088 | |a 60340102 | ||
| 100 | |a Nguyệt, Vịêt Hải | ||
| 245 | 0 | |a Phân tích tín dụng đầu tư phát triển của Nhà nước ở Đồng bằng sông Cửu Long : | |
| 245 | 0 | |b (Chuyên ngành: quản trị kinh doanh) | |
| 245 | 0 | |c Nguyễn Việt Hải ; Võ Thành Danh giáo viên hướng dẫn | |
| 260 | |a Cần Thơ | ||
| 260 | |b Trường Đại Học Cần Thơ | ||
| 260 | |c 2007 | ||
| 520 | |a Nội dung đề tài phân tích tình hình tín dụng đầu tư phát triển ở Đồng Bằng Sông Cửu Long. Phân tích tình hình hoạt động tín dụng ĐTPT của nhà nước thông qua hệ thống ngân hàng. | ||
| 650 | |a Investments,Đầu tư | ||
| 904 | |i Tuyến | ||
| 980 | |a Trung tâm Học liệu Trường Đại học Cần Thơ | ||